000 00612nam a22002057a 4500
003 OSt
005 20140310181941.0
008 130724t xxu||||| |||| 00| 0 eng d
050 _aPZ 3.S848
_b.St847 1967
082 _aCLA St4d
_b1967
100 _aStevenson, Robert Louis
_91663
245 _aDr Jekyll and Mr Hyde /
_cRobert Louis Stevenson ;
260 _aNew York :
_bBantam Books,
_cc1967.
300 _a106 p.
_bill
_c18 cm/
541 _j1
562 _e1
650 _aDr Jekyll (Fictitious character)
_93618
650 _a Mr Hyde (Fictitious character).
_93619
942 _2lcc
_cBBK
_kCLA
999 _c7655
_d7655